Zdaňovanie príjmov zahraničných zamestnancov

V praxi sa čoraz častejšie stretávame so zamestnávaním zahraničných osôb na Slovensku. V súvislosti s tým je potrebné riešiť aj zdanenie ich príjmov. Podmienky, pri splnení ktorých sa príjem týchto osôb, ktoré nie sú považované za slovenských daňových rezidentov zdaňuje na Slovensku, zdaňovanie príj...

Descripción completa

Guardado en:
Detalles Bibliográficos
Autor principal: Valterová, Ivana
Formato: Capítulo de libro
Lenguaje:eslovaco
Materias:
Etiquetas: Agregar Etiqueta
Sin Etiquetas, Sea el primero en etiquetar este registro!

MARC

LEADER 00000naa a2200000 4500
001 0313049
005 20251105100428.3
041 0 |a slo 
044 |a SK 
245 1 0 |a Zdaňovanie príjmov zahraničných zamestnancov  |c Ivana Valterová 
520 |a V praxi sa čoraz častejšie stretávame so zamestnávaním zahraničných osôb na Slovensku. V súvislosti s tým je potrebné riešiť aj zdanenie ich príjmov. Podmienky, pri splnení ktorých sa príjem týchto osôb, ktoré nie sú považované za slovenských daňových rezidentov zdaňuje na Slovensku, zdaňovanie príjmu v priebehu roka a vysporiadaniu daňových povinností po skončení roka. 
610 2 0 |a príjmy 
610 2 0 |a zdaňovanie 
610 2 0 |a zamestnanci 
610 2 0 |a osoby zahraničné 
610 2 0 |a povinnosť daňová 
100 1 |a Valterová, Ivana